000 00592nam a2200181 i 4500
001 34042
003 ES-MaACL
005 20230906154851.0
007 t|
008 030204s1909 it a |||| | ita d
100 1 _aBoehn, Max von.
_929740
245 1 3 _aLa moda
_b: nomini e costumi del secolo XIX da dipinti e incisioni del tempo /
_cMax von Boehn ; scelti dal Dr. Oscar Fischel.
260 _aBergano :
_bIstituto Italiano d'Arti Grapche,
_c1909.
300 _a3 v. ;
_c20 cm.
650 0 4 _aTraje-
_xHistoria.
_9136943
700 1 _aFischel, Oscar.
_950975
852 _aES-MaACL
_jF-2155-57
999 _c34042
_d34042